عرض عادي عرض مارك
  • O'Neill, Joy.

مدخل إسم شخص

عدد التسجيلات المستخدمة في: 1

001 - رقم الضبط

  • حقل الضبط: 12187

003 - معرف رقم الضبط

  • حقل الضبط: OSt

005 - تاريخ ووقت أخر عملية

  • حقل الضبط: 20120429070106.0

008 - عناصر بيانات ثابتة الطول

  • حقل تحكم ثابت الطول: 120429|||a|||||| | ||| d

040 ## - مصدر الفهرسة

  • هيئة الفهرسة الأصلية: OSt
  • وكالة الكتابة: OSt

100 ## - مدخل -- أسم شخص

  • إسم شخص: O'Neill, Joy.

670 ## - بيانات المصدر موجوده

  • الاستشهاد بالمصدر: Work cat.: (OSt)24049: Wicker, Paul. 12182, Caring for the perioperative patient /, 2010.